| 000 | 01083pam a2200337 a 4500 | ||
|---|---|---|---|
| 999 |
_c2348 _d2348 |
||
| 001 | 013494923 | ||
| 003 | Uk | ||
| 005 | 20230420114110.0 | ||
| 008 | 060615s2006 enka j 000 1 eng d | ||
| 015 |
_aGBA655858 _2bnb |
||
| 016 | 7 |
_a013494923 _2Uk |
|
| 020 | _a9780746070512 (cased) : | ||
| 040 |
_aStDuBDS _beng _cStDuBDS _dUk _dKH8 |
||
| 042 | _aukblcatcopy | ||
| 082 | 0 | 4 |
_a823.92 DAV _222 |
| 100 | 1 |
_aDavidson, Susanna. _eAuthor |
|
| 245 | 1 | 4 |
_aThe little red hen / _cSusanna Davidson ; illustrated by Daniel Postgate ; reading consultant, Alison Kelly. |
| 260 |
_aLondon : _bUsborne, _c2006. |
||
| 300 |
_a48 p. : _bcol. ill. ; _c21 cm. |
||
| 336 |
_atext _2rdacontent |
||
| 337 |
_aunmediated _2rdamedia |
||
| 338 |
_avolume _2rdacarrier |
||
| 490 | 0 | _aUsborne first reading, Level three | |
| 500 |
_aFormerly CIP. _5Uk |
||
| 650 | 0 |
_aChickens _vPictorial works _vJuvenile fiction. |
|
| 655 | 7 |
_aChildren's stories _vPictorial works. _2gsafd |
|
| 655 | 7 |
_aFairy tales. _2gsafd |
|
| 700 | 1 |
_aPostgate, Daniel. _eIllustrator |
|
| 700 | 1 | _aKelly, Alison. | |
| 942 |
_2ddc _cFIC |
||